Statistiques concernant Principal affluent d'un fleuve #1

Cliquez ici pour prendre le quiz!

Statistiques générales

  • Ce quiz a été pris 64 fois
  • Le résultat moyen est 10 sur 15

Statistiques - réponses

HintRéponse% Correct
RhôneSaône
94%
MississipiMissouri
88%
GaronneDordogne
87%
SeineMarne
87%
NilNil blanc
87%
LoireAllier
83%
RhinMoselle
77%
AmazoneRio Madeira
75%
Saint-LaurentRivière des Outaouais
75%
YangtséHan
62%
ElbeMoldau
56%
Adda
54%
NigerAzawagh
44%
MékongMun
31%
DanubeTizsa
21%

Distribution des résultats

Percentile par nombre de réponses

% des personnes avec chaque résultat

Votre développement - résultats

Vous n’avez pas pris ce quiz